000 00775nam a22002297a 4500
005 20130328155006.0
010 _aENG-104637
020 _a9789380408552
_c475.00
035 _aEN-88170
035 _aB-491643-654
037 _bDBAD/PUB
037 _bPrakashan Sansthan/Ven
082 _a005.2768
100 _aSubramanian, Raja
245 _aProgramming in Visual Basic. Net /
_cby Raja Subramanian
260 _aNew Delhi
_bAcme Learning
_c2011
270 _a2/8 Ansari Road Darya Ganj
_bNew Delhi
_e110002
300 _avi,830p. :
_c27cm(pbk)
_bill.
500 _aIncludes index
942 _2ddc
_cEN
_h005.2768
_mSUB
999 _c60469
_d60469